000 00547nam a22001817a 4500
005 20170830111215.0
010 _aENG-120189
020 _a9789381506806
_c350.00
035 _aEN-103721
037 _bDBAD/PUB
082 _aS
245 _aThe pleasure principle :
_bthe amaryllis book of erotic stories /
_cedited by G. Sampath
260 _aNew Delhi
_bAmaryllis
_c2016
270 _a7/32, Ground Floor, Ansari Road, Daryaganj
_bNew Delhi
_e110002
300 _axiv, 216p.
_c21cm(pbk)
700 _aSampath, S
942 _2ddc
_cEN
_hS
_mTHE
999 _c143912
_d143912